|
|
|
|
| LEADER |
01280nam a2200349 i 4500 |
| 001 |
EBC5782717 |
| 003 |
MiAaPQ |
| 005 |
20200520144314.0 |
| 006 |
m o d | |
| 007 |
cr cnu|||||||| |
| 008 |
190809s2018 gw o 000 0 ger d |
| 020 |
|
|
|a 9783838269092 (e-book)
|
| 035 |
|
|
|a (MiAaPQ)EBC5782717
|
| 035 |
|
|
|a (Au-PeEL)EBL5782717
|
| 035 |
|
|
|a (OCoLC)1108570408
|
| 040 |
|
|
|a MiAaPQ
|b eng
|e rda
|e pn
|c MiAaPQ
|d MiAaPQ
|
| 043 |
|
|
|a e-gx---
|
| 050 |
|
4 |
|a HG999.5
|b .G688 2018
|
| 082 |
0 |
|
|a 332.4943
|2 23
|
| 100 |
1 |
|
|a Gotte, Rudiger,
|e author.
|
| 245 |
1 |
4 |
|a Die Spur des Geldes :
|b Der EURO : Vorlaufer, Entstehung-Scheitern? /
|c Rudiger Gotte.
|
| 264 |
|
1 |
|a Stuttgart :
|b Ibidem Verlag,
|c 2018.
|
| 300 |
|
|
|a 1 online resource (271 pages)
|
| 336 |
|
|
|a text
|b txt
|2 rdacontent
|
| 337 |
|
|
|a computer
|b c
|2 rdamedia
|
| 338 |
|
|
|a online resource
|b cr
|2 rdacarrier
|
| 588 |
|
|
|a Description based on print version record.
|
| 590 |
|
|
|a Electronic reproduction. Ann Arbor, MI : ProQuest, 2018. Available via World Wide Web. Access may be limited to ProQuest affiliated libraries.
|
| 650 |
|
0 |
|a Money
|z Germany.
|
| 655 |
|
4 |
|a Electronic books.
|
| 797 |
2 |
|
|a ProQuest (Firm)
|
| 856 |
4 |
0 |
|u https://ebookcentral.proquest.com/lib/matrademy/detail.action?docID=5782717
|z Click to View
|